000 00511nam a22001817a 4500
999 _c8647
_d8647
003 AR-CdUCM
008 190325b ||||| |||| 00| 0 spa d
040 _aMUNICIPALIDAD PROVINCIAL DEL CUSCO
_cBIBLIOTECA MUNICIPAL DEL CUSCO
082 _a177 /
_bA33
100 _aAlatrista, Victor Manuel
_910974
245 _aLa amistad /
260 _aCuzco :
_bLa Colmena,
_c1972.
300 _a217 páginas ;
_c21 cm.
650 _aÉtica
_91337
650 _aÉtica moral
_924178
942 _2ddc
_cLIBROS
945 _araen